Devine le film par pays ! - Statistiques

Statistiques générales
  • Ce quiz a été pris 188 fois
  • Le résultat moyen est 7 sur 12
Statistiques - réponses
Pays Description du film Réponses % Correct
France Un rat qui cuisine mieux que tous les chefs parisiens. Ratatouille
99%
Royaume-Uni Un jeune sorcier à lunettes reçoit sa lettre pour Poudlard. Harry Potter à l’école des sorciers
94%
Japon Un monstre géant attaque Tokyo. Depuis, il est culte. Godzilla
82%
États-Unis Un type court partout en racontant sa vie. Shrimp power. Forrest Gump
77%
Mexique Un enfant dans l’au-delà qui cherche ses racines musicales. Coco
68%
Italie Une famille mafieuse, des vendettas, et de la sauce tomate. Le Parrain
65%
Allemagne Un garçon passe une armoire et découvre un monde fantastique. Le Monde de Narnia
59%
Inde Un ado devient millionnaire à un jeu télé, flashbacks inclus. Slumdog Millionaire
50%
Australie Un flic post-apocalyptique sur des routes désertes. Mad Max
35%
Espagne Une fillette, un labyrinthe, un monstre à yeux dans les mains. Le Labyrinthe de Pan
32%
Brésil Enfance et gangs dans une favela de Rio. La Cité de Dieu
24%
Chine Combats de sabres dans les arbres, amour tragique. Tigre et Dragon
8%
Aucun quiz correspondant
Distribution des résultats
% des personnes avec chaque résultat
Percentile par nombre de réponses
Votre historique - résultats
Vous n’avez pas pris ce quiz